| 000 | 00445nam a2200181Ia 4500 | ||
|---|---|---|---|
| 001 | 13878 | ||
| 005 | 20260306164833.0 | ||
| 008 | 260306t1994||||xx |||||||||||||| ||spa|| | ||
| 041 | _aESP | ||
| 082 |
_a005.43 _bS54 |
||
| 100 |
_aSilberschatz, Abraham _eAUT |
||
| 245 | 0 |
_aSistemas operativos: _bconceptos fundamentales |
|
| 260 | _c1994 | ||
| 300 |
_a727 páginas : _c23 cm. |
||
| 650 | _aGEN | ||
| 654 | _aCCC | ||
| 942 |
_cLIB _dJUS _fJUS _2ddc _n |
||
| 999 |
_c13878 _d13878 |
||